| 000 | 00748cam a22002291 4500 | ||
|---|---|---|---|
| 001 | ne 63002107 | ||
| 003 | DLC | ||
| 005 | 20260227111751.0 | ||
| 008 | 900718s1962 ua 000 0 ararc | ||
| 010 | _ane 63002107 | ||
| 025 | _aPL480: UAR-3139 | ||
| 035 | _a(OCoLC)22096539 | ||
| 040 |
_aPrinceton Univ. Libr. _cWaU _dDLC |
||
| 042 | _apremarc | ||
| 050 | 0 | 0 |
_aHX550.I8 _bS33 |
| 100 | 1 | _aSalama, A. M. Said. | |
| 245 | 1 | 3 |
_aal-Islām wa-al-uṣūl al-fikrīyah lil-ishtirākīyah al-ʻArabīyah _c[tal̓īf] ʻAbd al-Mughnī Saʻīd. |
| 250 | _aal-Ṭabʻah 2., mukabbarah fī ḍaw a̓l-mīthāq. | ||
| 260 |
_a[al-Qāhirah] _bMaktabat al-Anjlū al-Miṣrīyah _c[1962?] |
||
| 300 |
_a6, 108 p. _c20 cm. |
||
| 650 | 0 | _aSocialism and Islam. | |
| 999 |
_c46321 _d46321 |
||